000 00814nam a2200205 a 4500
003 0
005 20250310134625.0
008 080730s19uu xx 00 eng d
050 _aPGS LB 1060.2
_b.D228 2008
100 _aDaryanani, Yazmin B.
245 _aStudents' awareness of SISC academic achievements and learning motivation /
_cYazmin B. Daryanani.
260 _aLas PiƱas City, Philippines :
_bSouthville International School and Colleges,
_c2008.
300 _a40 pages :
_billustrations ;
_c28 cm.
504 _aIncludes bibliographical references.
650 _aAcademic achievement
_vElementary education.
650 _aMotivation in education
_vGrade 6 students.
650 _aStudents
_vAttitudes
_vAcademic performance.
650 _aEducation
_vPsychological aspects.
942 _2lcc
_cPASS
999 _c98000
_d98000